[Event "Corus"]
[Site "Wijk aan Zee"]
[Date "2003.01.19"]
[Round "7"]
[White "Polgar, Judit"]
[Black "Kramnik, Vladimir"]
[Result "1/2-1/2"]
[WhiteElo "2700"]
[BlackElo "2807"]
[Annotator "Rogozenco,D"]
[PlyCount "193"]
[EventDate "2003.01.11"]
[EventType "tourn"]
[EventRounds "13"]
[EventCountry "NED"]
[EventCategory "18"]
[SourceTitle "CBM 093"]
[Source "ChessBase"]
[SourceDate "2003.04.01"]
[SourceVersion "1"]
[SourceVersionDate "2003.04.01"]
[SourceQuality "1"]

1. e4 c5 2. Nf3 Nc6 3. d4 cxd4 4. Nxd4 Nf6 5. Nc3 e5 6. Ndb5 d6 7. Bg5 a6 8.
Na3 b5 9. Nd5 Be7 10. Bxf6 Bxf6 11. c3 Rb8 12. Nc2 Bg5 13. a3 {Not a bad move,
but with precise play Black is able to neutralize White's slight initiative
after it.} (13. a4 bxa4 14. Ncb4 {is the only way to fight for advantage})
13... Ne7 (13... a5 14. Bd3 Ne7 15. Nxe7 Qxe7 16. Qe2 O-O 17. O-O Bd7 18. b4
axb4 19. Nxb4 Rfc8 20. c4 $14 {1/2-1/2 Kasparov,G-Kramnik,V/Frankfurt (rapid)
2000 (35)}) (13... O-O {must be enough for equality as well.}) 14. Nxe7 (14.
Ncb4 {was an interesting alternative:} Nxd5 15. Nxd5 (15. Qxd5 $5 Bb7 $140 16.
Qd3 O-O 17. Be2 f5 18. Bf3) (15. exd5 Qb6 16. a4 O-O 17. axb5 axb5 18. g3 e4
19. Bg2 Bd7 20. O-O (20. h4 $5) 20... e3 21. fxe3 Bxe3+ 22. Kh1 f5 23. Nc6 Rbe8
24. Bf3 g5 25. b4 g4 $36 {1/2-1/2 Lanka,Z-Jelen,I/Ljubljana 1994 (31)}) 15...
O-O 16. Bd3 $5 Be6 17. Bc2) 14... Qxe7 $1 (14... Bxe7 {is also possible,
although so many moves with a single piece - Bf8-e7xf6-g5-e7 - is not
attractive.} 15. Nb4 Qb6 16. a4 $36 (16. Nd5 Qb7 17. a4 Bd8 18. axb5 axb5 $11)
16... Qb7 17. Qd5 Qxd5 18. exd5 $36 (18. Nxd5 bxa4 {[%csl Rb2]})) 15. Nb4 (15.
a4 Qb7) 15... Qd7 $5 {A safe way to avoid unnecessary complications.} (15...
Qb7 16. Qxd6 $5 {The queen on d6 and knight b4 look very powerful against
Black's king. However, things are far from clear. For instance:} Qxe4+ 17. Be2
Qxg2 (17... Rb7 18. f3 $1 {[%csl Ra6][%cal Gd6c6]}) 18. Rf1 Rb7 19. Nxa6 $140
Rd7 $1 20. Bxb5 Qe4+ $13) (15... Bb7 16. Nd5 $11 {/+/=}) 16. Bd3 (16. a4 $6 a5
17. Nd5 (17. Bxb5 Rxb5 18. axb5 axb4 $17) 17... bxa4 18. Qc2 (18. Qxa4 Qxa4 19.
Rxa4 Rxb2 20. Rxa5 Rb1+ $17) 18... O-O $17) 16... O-O 17. O-O Qb7 18. a4 (18.
Bc2 $11) 18... a5 19. Nd5 bxa4 20. Qxa4 Be6 21. Bc4 (21. Qxa5 Bxd5 22. exd5
Qxb2 {like in the game, this is slightly better for Black, but not enough to
convert into a full pawn.}) 21... Qxb2 22. Ra2 Qb7 23. Qxa5 Qc6 24. Ra4 Ra8 25.
Qb5 Qxb5 26. Bxb5 Rxa4 27. Bxa4 Bxd5 28. exd5 Ra8 29. Rb1 g6 30. Bc6 Ra3 31. c4
Rc3 32. g3 (32. Bb5 Bd8 $15) 32... Rxc4 33. Rb8+ Kg7 34. Rb7 Rc3 {In the next
part of the game Kramnik tried hardly to convert the extra pawn. Although it
might appear that at some stage he was close to do so, in fact Polgar never
had real problems to hold. The very end of the game is a study-like position.}
35. Be8 Rf3 36. Ba4 Ra3 37. Be8 Rf3 38. Ba4 e4 39. Kg2 Ra3 40. Be8 Rf3 41. Ba4
Bd2 42. Rb3 Rf5 43. Bc6 Be1 44. Rb2 Bc3 45. Re2 Bd4 46. Bd7 Re5 47. Bc6 Re7 48.
Ra2 Bc5 49. Re2 h5 50. h4 Kf6 51. Ra2 Re5 52. Re2 Kg7 53. f4 Re7 54. Ra2 Kf6
55. Kf1 Kf5 56. Kg2 Kg4 {It might seem that Black achieved something by coming
with the king on g4, but White easily drives it back (the path on the light
squares might prove dangerous for Black, imagine a check from c8 now, when
after a forces ...f5 White mates with Ba6-e2).} 57. Ba4 Rb7 58. Bd1+ Kf5 59.
Re2 e3 60. Kf3 Kf6 61. Rc2 Rb4 62. Be2 Kg7 63. Rc1 Rb2 64. Rd1 Kf6 65. Rd3 Ke7
66. Rd1 Kd8 67. Ra1 Kd7 68. Rd1 Ra2 69. Bb5+ Kc7 70. Be2 f5 71. Rd3 Rd2 72.
Rxd2 exd2 73. Bd1 Kb6 74. Ke2 Ka5 75. Bc2 Bg1 76. Kxd2 Bh2 77. g4 Bxf4+ 78. Ke2
hxg4 79. h5 gxh5 80. Bxf5 Kb4 81. Bg6 h4 82. Bf5 g3 83. Kf3 Kc4 84. Bh3 Be5 85.
Ke4 Bf6 86. Bf1+ Kc3 87. Bg2 Kc4 88. Bf1+ Kc5 89. Bg2 Be7 90. Bf1 Bd8 91. Bg2
Kc4 92. Bf1+ Kc3 93. Bg2 Kd2 94. Kf3 Kd3 95. Kg4 Ke3 96. Kh3 Bf6 97. Bh1 {
White bishop has enough squares on the "long" diagonal, so there is no
zugzwang.} 1/2-1/2

[Event "Linares 20th"]
[Site "Linares"]
[Date "2003.03.01"]
[Round "7"]
[White "Leko, Peter"]
[Black "Kramnik, Vladimir"]
[Result "1/2-1/2"]
[WhiteElo "2736"]
[BlackElo "2807"]
[Annotator "Rogozenco,D"]
[PlyCount "50"]
[EventDate "2003.02.22"]
[EventType "tourn"]
[EventRounds "14"]
[EventCountry "ESP"]
[EventCategory "20"]
[SourceTitle "CBM 094"]
[Source "ChessBase"]
[SourceDate "2003.05.26"]
[SourceVersion "1"]
[SourceVersionDate "2003.05.26"]
[SourceQuality "1"]

1. e4 c5 2. Nf3 Nc6 3. d4 cxd4 4. Nxd4 Nf6 5. Nc3 e5 6. Ndb5 d6 7. Bg5 a6 8.
Na3 b5 9. Bxf6 gxf6 10. Nd5 f5 11. Bd3 Be6 12. O-O Bxd5 13. exd5 Ne7 14. c4 e4
(14... Bg7 {usually leads to transposition after} 15. Qd2 e4 ({Another
approach with Black is to delay e5-e4:} 15... bxc4 16. Nxc4 O-O)) 15. Be2 Bg7
16. Qd2 b4 $5 {A rare move, which brought Black good results in the practice,
though. Its logic is clear - instead of taking on c4 and helping the opponent
to bring his a3-knight into play, Black is preparing a "dark-square" strategy.}
(16... bxc4 17. Nxc4 O-O {is equal according to theory. Undoubtly Leko had an
improvement in mind, but Kramnik deviates first.}) 17. Qxb4 Rb8 ({The next
game is an example of a typical attack. Black doesn't care about the
sacrificed pawn, but starts an initiative on the kingside, since White will
need quite a lot of time to bring his pieces into play:} 17... O-O 18. Rab1 f4
19. Qd2 Ng6 20. f3 (20. Nc2 f3 $1 21. gxf3 Qh4 $40) 20... e3 21. Qe1 Qg5 22.
Kh1 {The king will slowly, but firmly run out of air on h1.} Kh8 23. Nc2 Be5
24. Bd3 f5 25. Qe2 Rf6 26. Rg1 Rg8 27. b4 Nh4 28. b5 Rh6 29. h3 axb5 30. cxb5
Qh5 31. Rbf1 Rg3 32. Nxe3 fxe3 (32... Nxg2 {was a direct win:} 33. Rxg2 Rxh3+
34. Kg1 Rh1+ 35. Kf2 Qh4+) 33. f4 Nxg2 34. Qxh5 Rxh5 35. Bxf5 e2 36. Rc1 Rxf5
37. Rc8+ Kg7 38. b6 e1=Q 39. Rxe1 Nxe1 40. b7 Nf3 41. Rc7+ Kh6 42. Rc1 Rh5 {
0-1 Koch,J-Horvath,C/Bischwiller 1999}) 18. Qa4+ Kf8 {White cannot protect
pawn b2, so Black will soon restore material equality.} 19. Rab1 (19. c5 {
is understandable for White - opening files and getting square c4. However,
Black is doing fine.} Nxd5 (19... dxc5 20. Bxa6 Rb4 21. Qc2 Qd6 22. Bc4 Be5 23.
g3 Rxb2 {1/2-1/2 Dabrowska,K-Zezulkin,J/Polanica Zdroj 1997 (52)}) 20. Bc4 dxc5
21. Rad1 Bd4 22. Nc2 Nb6 23. Qxa6 Kg7 24. b4 Qf6 25. bxc5 Bxc5 26. Bb3 f4 27.
Qa5 Rbc8 {1/2-1/2 Kosteniuk,A-Mikhalevski,V/Biel 2002 (46)}) 19... Bxb2 (19...
Rg8 20. Qc2 Ng6 {This is somewhat similar to the game Koch-Horvath, given
above - Black relies on his kingside attack. On the other hand having no
connection between rooks is a substantial difference. The king is surely
better off on h8 than on f8.} 21. c5 $2 (21. Kh1 $13) 21... Bd4 $1 {and Black
was better in Rodriguez Cespedes,A-Moreno Carnero,J/Cala Galdana 1999.}) 20.
Nc2 $5 $146 {A logical novelty - the knight goes to c6.} (20. Qc2 $13 {1/2-1/2
Nijboer,F-Kuijf,M/NED 1991/ (50)}) 20... Ng6 (20... a5 {prevents White's idea
Nb4, but Black can hardly allow himself such moves - White has a development
advantage and can start the play in the center with} 21. f3 $36) 21. Nb4 Qf6
22. Nc6 (22. Nxa6 Rc8 {White's extra pawn doesn't play a significant role for
the moment. More important is that the knight will need two more moves to come
to c6, meanwhile Black will increase the pressure on the kingside.}) 22... Re8
23. f4 {Otherwise Black can choose between ...f4 or ...Nf4.} Bd4+ 24. Kh1 Kg7
25. Bh5 Bc5 {It's a pity they agreed to draw here. The position is full of
possibilities. Both sides have strong pieces - White, the knight on c6, Black,
the bishop on c5. Difficult to say who is better, in my opinion Black's
position contains a big potential thanks to the control over dark squares, a
passed pawn on e4 and chances to attack White's king.} (25... Bc5 26. Rb7 $13)
1/2-1/2

[Event "Linares 20th"]
[Site "Linares"]
[Date "2003.03.03"]
[Round "9"]
[White "Kramnik, Vladimir"]
[Black "Ponomariov, Ruslan"]
[Result "1/2-1/2"]
[WhiteElo "2807"]
[BlackElo "2734"]
[Annotator "Ftacnik,L"]
[PlyCount "65"]
[EventDate "2003.02.22"]
[EventType "tourn"]
[EventRounds "14"]
[EventCountry "ESP"]
[EventCategory "20"]
[SourceTitle "CBM 094"]
[Source "ChessBase"]
[SourceDate "2003.05.26"]
[SourceVersion "1"]
[SourceVersionDate "2003.05.26"]
[SourceQuality "1"]

1. e4 e5 2. Nf3 Nc6 3. Bb5 a6 4. Ba4 Nf6 5. O-O Be7 6. Re1 b5 7. Bb3 d6 8. c3
O-O 9. h3 Na5 10. Bc2 c5 11. d4 Nd7 12. Kh1 $146 {Kramnik comes up with not
easily understandable novelty, as the king's retreat to corner comes ahead of
the queenside development.} (12. Nbd2) (12. dxc5 dxc5) (12. d5) (12. a4) 12...
Bb7 13. d5 (13. Nbd2 cxd4 14. cxd4 Rc8 $13) 13... f5 14. exf5 (14. Nbd2 $5 Qc8
(14... fxe4 15. Nxe4 h6 (15... Nc4 16. Nfg5 $16) 16. b4 cxb4 17. cxb4 Nc4 18.
Qd3 Qb6 19. Ng3 Nf6 20. Bxh6 Bxd5 21. Bxg7 $18) 15. b3 Nf6 16. c4 bxc4 17. bxc4
f4 $13) 14... Nc4 15. Nbd2 Nxd2 (15... Bxd5 16. Nxc4 (16. Be4 Ncb6 17. Bxd5+
Nxd5 18. Ne4 N7b6 19. a4 bxa4 20. c4 Nb4 $17) 16... Bxc4 17. a4 Rb8 18. axb5
axb5 19. b3 Bf7 20. Ra7 $13) (15... Ncb6 16. Ne4 Bxd5 17. Neg5 Bxg5 18. Nxg5
Qf6 19. Be4 Bxe4 20. Nxe4 Qxf5 21. Qxd6 $11) 16. Qxd2 Nf6 17. Ng5 Bxd5 18. f4
$1 Qc7 (18... exf4 19. Qxf4 Qd7 20. Ne6 Rfe8 21. Qg3 Bf8 22. Bg5 $14) (18... e4
$2 19. Nxe4 Bxe4 20. Bxe4 Nxe4 21. Qd5+ Kh8 22. Rxe4 $16) 19. Ne6 Bxe6 20. fxe6
Nh5 (20... Rae8 21. a4 c4 22. axb5 axb5 23. Qd1 Qc6 24. f5 (24. fxe5 dxe5 25.
Rxe5 Bd6 26. Re1 Bg3 $15) 24... e4 25. Be3 d5 $11) 21. Qd5 (21. fxe5 dxe5 22.
Qd1 Nf6 23. Bg5 Rad8 $11) 21... Rad8 {Ponomariov is defending with a great
deal of souverenity, white's only trumph is the pawn e6.} (21... Nxf4 22. Bxf4
exf4 23. Qh5 (23. a4 Rab8 24. axb5 Rxb5 25. Rxa6 Rxb2 26. Be4 g6 27. Rea1 $13)
23... g6 24. Bxg6 hxg6 25. Qxg6+ Kh8 $11) 22. f5 (22. fxe5 $2 dxe5 $19) 22...
Ng3+ 23. Kh2 Nxf5 24. Rf1 Nh4 (24... g6 25. Be4 Qc8 26. a4 b4 27. cxb4 cxb4 28.
Bg5 Qc5 $13) 25. Bg5 Ng6 (25... Kh8 $2 26. Bxh4 $1 Bxh4 27. Qe4 g5 $8 28. Rxf8+
Rxf8 29. Rd1 $16) 26. h4 (26. Bxg6 hxg6 27. a4 Kh7 28. Bxe7 Qxe7 29. axb5 axb5
$11) 26... Nf4 (26... Kh8 27. Bxg6 hxg6 28. Rf7 Rxf7 29. exf7 Rf8 30. Rf1 $11)
27. Bxf4 exf4 28. g3 $5 {White is still trying to complicate matters, he can
force drawn at any moment with the move Qh5.} (28. Qh5 g6 29. Bxg6 hxg6 30.
Qxg6+ Kh8 31. Qh6+ $11) 28... f3 (28... fxg3+ 29. Kxg3 Kh8 30. Qh5 g6 31. Bxg6
Bf6 32. Bf7 $36) 29. Rxf3 (29. Qh5 g6 30. Bxg6 $11) 29... Rxf3 30. Qxf3 Rf8 31.
Qd3 (31. Qh5 g6 32. Bxg6 $11) 31... g6 32. Rf1 (32. h5 $2 Rf2+ 33. Kg1 (33. Kh3
c4 34. Qe4 d5 35. Qxd5 Rxc2) 33... c4 34. Qe4 Qc5 $19) 32... Qc8 33. Rxf8+
1/2-1/2